| 000 | 00877nam a22002171i 4500 | ||
|---|---|---|---|
| 001 | 184459 | ||
| 003 | ES-MaACL | ||
| 005 | 20250715063136.0 | ||
| 008 | 150902s1922 sp |||| | spa d | ||
| 100 | 1 |
_aRamos Carrión, Miguel, _d1848-1915 _995293 |
|
| 245 | 1 | 3 |
_aEl chaleco blanco _bepisodio cómico lírico en un acto, dividido en dos cuadros y un intermedio / _coriginal de Miguel Ramos Carrión. |
| 260 |
_aMadrid : _bPrensa Popular, _c[1922] |
||
| 300 |
_a[20] p. ; _c20 cm. |
||
| 490 | 1 |
_aLa novela teatral, Año VII ; _v277 - Madrid, 12 marzo 1922 |
|
| 597 | _aP. sin numerar. | ||
| 599 | _aEn cub.: caricatura de Jacinta Yagüe (Ofelia de Aragón), por Tovar. | ||
| 700 | 0 |
_aTovar _c, ilustrador. _9157378 |
|
| 830 | 0 |
_aLa novela teatral, Año VII ; _v277 - Madrid, 12 marzo 1922 _9192156 |
|
| 852 |
_aES-MaACL _j2332-F-10 |
||
| 999 |
_c184459 _d184459 |
||